Statistical Methods for Quality Improvement /

محفوظ في:
التفاصيل البيبلوغرافية
المؤلف الرئيسي: Ryan, Thomas P. (autor)
التنسيق: كتاب
اللغة:الإنجليزية
منشور في: Nueva York, EUA : Wiley, 2000, c2000
الطبعة:2a edición
سلاسل:(Wiley Series in Probability and Statistics. Applied Probability and Statistics Section)
الموضوعات:
الوسوم: إضافة وسم
لا توجد وسوم, كن أول من يضع وسما على هذه التسجيلة!

MARC

LEADER 00000nam^a2200000^a^4500
001 000136153
005 20250521000000.0
009 20260310095308.409
020 |a 0-471-19775-0 
037 |a Acervo ITESO - Biblioteca 
041 |a ING 
082 |a 658. 562  |b RYA 
100 |a Ryan, Thomas P.  |e (autor) 
245 1 0 |a Statistical Methods for Quality Improvement /  |c T.P. Ryan. 
250 |a 2a edición 
264 4 |a Nueva York, EUA :  |b Wiley,  |c 2000, c2000 
300 |a XXIV, 555 p. 
336 |a texto  |b txt  |2 rdacontenido 
337 |a sin mediación  |b n  |2 rdamedio 
338 |a volumen  |b nc  |2 rdasoporte 
440 1 |a (Wiley Series in Probability and Statistics.  |p Applied Probability and Statistics Section) 
649 |a XX 
650 |a Control Estadístico de Calidad 
650 |a Control de Calidad 
650 |a Proceso de Producción 
650 |a Proceso Administrativo 
650 |a Estadística 
650 |a Matemáticas 
650 |a Administración 
650 |a Ingeniería Industrial 
650 |a Ciencias Administrativas 
910 |a Fondo General 
920 |a Impresos - Libros 
930 |a Colección General 
905 |a 101 
901 |a 0500065007  |b IT1  |c ACC  |u 20250521 
902 |a https://opac.biblio.iteso.mx/vufind/Record/000136153